Statistiques concernant construction UE

Cliquez ici pour prendre le quiz!

Statistiques générales

  • Ce quiz a été pris 11 fois
  • Le résultat moyen est 15 sur 50

Statistiques - réponses

HintRéponse% Correct
déclaration Schumanannée1950
83%
Jean Monnet idée CECAannée1950
67%
traité de Paris = créa° CECA (Italie, FR, FA, benelux)année1951
67%
CED ratifiée par la CECAannée1952
67%
Jean Monnet démissionne CECAannée1955
67%
Grèce joinannée1981
67%
Espace Schengenannée1985
67%
Portugal et Espagne joinannée1986
67%
Euro lancéannée2002
67%
Fin Brexit par Johnsonannée2020
67%
création OECEannée1948
50%
RFA Italie join Pacte de bruxellesannée1954
50%
traité de Rome : CEE, Euratom, PACannée1957
50%
réunifica° All, idée monnaie uniqueannée1990
50%
Traité de Maastritch : UE, monnaie unique, citoyenneté UEannée1992
50%
adhésion Autriche, Finlande, Suèdeannée1995
50%
Sommet de Bruxelles, vote adoption euroannée1998
50%
Traité de Lisbonne pr contourner le rejetannée2007
50%
pacte de Bruxellesannée1948
33%
RFA ds OTANannée1955
33%
1er demande RU de joinannée1961
33%
lancement PAC et FEOGAannée1962
33%
fusiooooon CECA, CEE et Euratomannée1965
33%
2ème demande du RU de joinannée1967
33%
Traité Amsterdam : CIGannée1997
33%
Croatie join : Europe des 28année2013
33%
début Brexit par Theresa Mayannée2016
33%
europe des 7année1960
17%
Grèce partenaire CEEannée1961
17%
DG politique chaise vide ( 9 mois)années1965 - 1966
17%
union douanière UE, plus de droit de douanesannée1968
17%
conf de la Haye, RU accepté par Pompidouannée1969
17%
traité de Bruxelles, RU, Danemark, Irlande join, Norvège refuse au référendum (entre en vigueur l'année suivante)année1972
17%
SMEannée1978
17%
adhésion Bulgarie Roumanieannée2007
17%
CED refusée par le parlement FR, crime dujour mois année30 aout 1954
17%
traité de Stockholm (AELE)année1959
0%
1er étape CEE : échanges industrielsannées1959 - 1962
0%
2ème Etape : marché commun agricoleannées1962 - 1966
0%
Turquie partenaire CEEannée1963
0%
conf Yaoundé : associa° UE, 18 Etats africainsannée1963
0%
serpent monétaire européenannée1972
0%
Convention de Lomé (46 pays Afrique, Caraibes et pacifique)année1975
0%
scrutin universel direct CEEannée1979
0%
Eureka, coop technologiqueannée1986
0%
Acte unique Européen de Jacques Delors pour relancer l'intégration face à l'euroscepticisme, révise le traité de Rome : vote maj + pv parlementannée1986
0%
Erasmusannée1987
0%
Sommet de Copenhague : 10 nvs pays + nvl constitution européenneannée2004
0%
Nvl constitution est rejetée par FR et Pays-Basannée2005
0%
pacte de l'Atlantiquemois annéeavril 1949
0%

Distribution des résultats

Percentile par nombre de réponses

% des personnes avec chaque résultat

Votre développement - résultats

Vous n’avez pas pris ce quiz